<?xml version="1.0" encoding="UTF-8"?>
<record
    xmlns:xsi="http://www.w3.org/2001/XMLSchema-instance"
    xsi:schemaLocation="http://www.loc.gov/MARC21/slim http://www.loc.gov/standards/marcxml/schema/MARC21slim.xsd"
    xmlns="http://www.loc.gov/MARC21/slim">

  <leader>00787cam a22002532i 4500</leader>
  <controlfield tag="001">950786</controlfield>
  <controlfield tag="003">YEEZEN</controlfield>
  <controlfield tag="005">20250903151433.0</controlfield>
  <controlfield tag="008">241016s2024    ch     e      000 0 chi d</controlfield>
  <datafield tag="020" ind1=" " ind2=" ">
    <subfield code="a">9786267468456</subfield>
    <subfield code="q">(&#x5E73;&#x88DD;) :</subfield>
    <subfield code="c">NT$460</subfield>
  </datafield>
  <datafield tag="040" ind1=" " ind2=" ">
    <subfield code="a">CIP</subfield>
    <subfield code="d">YMG</subfield>
    <subfield code="b">chi</subfield>
    <subfield code="c">.</subfield>
  </datafield>
  <datafield tag="042" ind1=" " ind2=" ">
    <subfield code="a">nbic</subfield>
  </datafield>
  <datafield tag="082" ind1=" " ind2=" ">
    <subfield code="a">416.2352</subfield>
  </datafield>
  <datafield tag="090" ind1=" " ind2=" ">
    <subfield code="a">416.2352</subfield>
  </datafield>
  <datafield tag="100" ind1="1" ind2=" ">
    <subfield code="a">&#x9023;&#x73EE;&#x5982;</subfield>
    <subfield code="e">&#x8457;</subfield>
  </datafield>
  <datafield tag="245" ind1="1" ind2="0">
    <subfield code="a">&#x4E73;&#x764C;,&#x4E0D;&#x6015;! /</subfield>
    <subfield code="b">&#x8CC7;&#x6DF1;&#x4E73;&#x91AB;&#x500B;&#x7BA1;&#x5E2B;&#x7684;&#x5168;&#x7167;&#x8B77;&#x7B46;&#x8A18;&#xFF0C;&#x5F9E;&#x7528;&#x85E5;&#x3001;&#x624B;&#x8853;&#x5230;&#x8ABF;&#x5FC3;&#xFF0C;&#x89E3;&#x7B54;&#x4F60;&#x807D;&#x4E0D;&#x61C2;&#x3001;&#x8A18;&#x4E0D;&#x5F97;&#x3001;&#x60F3;&#x4E0D;&#x5230;&#x7684;&#x95DC;&#x9375;80&#x554F;</subfield>
    <subfield code="c">&#x9023;&#x73EE;&#x5982;&#x8457;</subfield>
  </datafield>
  <datafield tag="250" ind1=" " ind2=" ">
    <subfield code="a">&#x7B2C;&#x4E00;&#x7248;</subfield>
  </datafield>
  <datafield tag="260" ind1=" " ind2=" ">
    <subfield code="a">&#x81FA;&#x5317;&#x5E02; :</subfield>
    <subfield code="b">&#x5929;&#x4E0B;&#x96DC;&#x8A8C;,</subfield>
    <subfield code="c">2024.09</subfield>
  </datafield>
  <datafield tag="300" ind1=" " ind2=" ">
    <subfield code="a">277&#x9762; ;</subfield>
    <subfield code="b">&#x5716;,&#x8868; ;</subfield>
    <subfield code="c">21&#x516C;&#x5206;</subfield>
  </datafield>
  <datafield tag="650" ind1=" " ind2="7">
    <subfield code="2">lcstt</subfield>
    <subfield code="a">&#x4E73;&#x764C;</subfield>
  </datafield>
  <datafield tag="650" ind1=" " ind2="7">
    <subfield code="2">lcstt</subfield>
    <subfield code="a">&#x5065;&#x5EB7;&#x7167;&#x8B77;</subfield>
  </datafield>
  <datafield tag="650" ind1=" " ind2="7">
    <subfield code="2">lcstt</subfield>
    <subfield code="a">&#x4FDD;&#x5065;&#x5E38;&#x8B58;</subfield>
  </datafield>
  <datafield tag="942" ind1=" " ind2=" ">
    <subfield code="2">ccl</subfield>
    <subfield code="c">BOOK</subfield>
  </datafield>
  <datafield tag="999" ind1=" " ind2=" ">
    <subfield code="c">7675</subfield>
    <subfield code="d">7675</subfield>
  </datafield>
  <datafield tag="952" ind1=" " ind2=" ">
    <subfield code="0">0</subfield>
    <subfield code="1">0</subfield>
    <subfield code="2">ccl</subfield>
    <subfield code="4">0</subfield>
    <subfield code="7">0</subfield>
    <subfield code="a">yeezen</subfield>
    <subfield code="b">yeezen</subfield>
    <subfield code="c">YEEZEN</subfield>
    <subfield code="d">2025-09-03</subfield>
    <subfield code="l">0</subfield>
    <subfield code="o">416.2352</subfield>
    <subfield code="p">C03261</subfield>
    <subfield code="r">2025-09-03 00:00:00</subfield>
    <subfield code="w">2025-09-03</subfield>
    <subfield code="y">BOOK</subfield>
    <subfield code="z">&#x4E73;&#x764C;&#x6CBB;&#x7642;&#x4EA4;&#x7D66;&#x91AB;&#x5E2B;,&#x597D;&#x597D;&#x751F;&#x6D3B;&#x6709;&#x500B;&#x6848;&#x7BA1;&#x7406;&#x5E2B;&#x3002; &#x5728;&#x596E;&#x6230;&#x7684;&#x8DEF;&#x4E0A;,&#x6BCF;&#x500B;&#x4EBA;&#x90FD;&#x9700;&#x8981;&#x6696;&#x5FC3;&#x7684;&#x6230;&#x53CB;, &#x5728;&#x56F0;&#x60D1;&#x4E0D;&#x89E3;&#x7684;&#x6642;&#x5019;&#x7D66;&#x59B3;&#x65B9;&#x5411;,&#x5728;&#x7015;&#x81E8;&#x5D29;&#x6F70;&#x7684;&#x6642;&#x5019;&#x7D66;&#x59B3;&#x6700;&#x5927;&#x7684;&#x652F;&#x6301;, &#x4E00;&#x8D77;&#x6210;&#x529F;&#x6297;&#x764C;,&#x91CD;&#x6B78;&#x5065;&#x5EB7;&#x5B89;&#x5FC3;&#x7684;&#x751F;&#x6D3B;&#x3002;</subfield>
  </datafield>
</record>
